000 01433nam0a2200325 4500
001 RU\NLR\BIBL_A\022270452
005 20260420011714.0
010 _a978-5-9933-0415-1
_9500
021 _aRU
_bКН-П-24-028574
_9КН-П-24-2910
035 _a(NLR Aleph) 022270452
090 _a13660054
_c13660054
100 _a20240703d2023 u y0rusy50 ca
101 0 _arus
102 _aRU
105 _aa j 000yy
181 0 _ai3
_baxxe
182 0 _an
200 1 _aЭкономический анализ
_eучебно-методическое пособие
_eпо дисциплине "Экономический анализ"
_fКанхва В. С., Вайншток Н. Р.
203 _aТекст
_bвизуальный
_cнепосредственный
210 _aМосква
_cГраница
_d2023
215 _a113 с.
_cтабл.
_d21
320 _aБиблиогр.: с. 113 (7 назв.)
606 1 _aЭкономический анализ
_jУчебно-методические пособия для высших учебных заведений
_92004132
_3RU\NLR\AUTH\661206211
686 1 _aУ053.0я73
700 1 _7ca
_8rus
_aКанхва
_bВ. С.
_gВадим Сергеевич
_9107259
_3RU\NLR\AUTH\77124334
701 1 _aВайншток
_bН. Р.
_gНаталья Робертовна
942 _cBOOK
980 _aNB